003620000a22001090004500090001700000245005400017041001400071100003400085942001300119773010300132999001700235 aASbSeriadas10aArtrópodos hematófagos de la fauna colombiana0 aEspañol1 aPatiño Camargo, Luis999772 cARTICULO1 tRevista de la Academia Colombiana de Ciencias Exactas, Físicas y Naturalesh11q337-344d1940g3 c15485d15485